Philippine city charters with a suggested uniform charter law (Record no. 437412)

000 -LEADER
fixed length control field 00426cam a22001217a 4500
008 - FIXED-LENGTH DATA ELEMENTS--GENERAL INFORMATION
fixed length control field 180718b1956 xxu||||| |||| 00| 0 eng d
082 ## - DEWEY DECIMAL CLASSIFICATION NUMBER
Classification number B7303x914 Ow6
100 ## - MAIN ENTRY--PERSONAL NAME
Personal name Owsley, Roy H.
245 ## - TITLE STATEMENT
Title Philippine city charters with a suggested uniform charter law
Statement of responsibility, etc. by Roy H. Owsley
260 ## - PUBLICATION, DISTRIBUTION, ETC.
Place of publication, distribution, etc. Manila
Name of publisher, distributor, etc. Institute of Public Administration
Date of publication, distribution, etc. 1956
300 ## - PHYSICAL DESCRIPTION
Extent 176p.
650 ## - SUBJECT ADDED ENTRY--TOPICAL TERM
Topical term or geographic name entry element Municipal government - Lwas and legislation - Philippine
Holdings
Withdrawn status Lost status Damaged status Not for loan Permanent Location Current Location Date acquired Full call number Barcode Date last seen Price effective from Koha item type
        Indian Institute of Public Administration Indian Institute of Public Administration 2010-12-15 B7303x914 Ow6 25008 2018-07-21 2018-07-21 Book

Powered by Koha